Lo que queda de Voltaire y artículos en respuesta a la impugnación de don T. M. Fioretti.
Salvato in:
| Autore principale: | |
|---|---|
| Natura: | Libro |
| Lingua: | spagnolo |
| Pubblicazione: |
Valparaíso, Chile
Del Mercurio
1876
|
| Soggetti: | |
| Tags: |
Aggiungi Tag
Nessun Tag, puoi essere il primo ad aggiungerne!!
|
MARC
| LEADER | 00000cam a2200000 a 4500 | ||
|---|---|---|---|
| 001 | UCR4082 | ||
| 003 | CL-VaPUC | ||
| 005 | 20230411074552.0 | ||
| 008 | 980307e18760000CL |||||||||||||||||spa|d | ||
| 999 | |c 267035 |d 267033 | ||
| 040 | |c Pontificia Universidad Católica de Valparaíso | ||
| 082 | 0 | 4 | |a 194 BLA 1876 |2 21 |
| 100 | 0 | |a Blanco Cuartín, Manuel |9 403671 | |
| 245 | 1 | 3 | |a Lo que queda de Voltaire y artículos en respuesta a la impugnación de don T. M. Fioretti. |
| 260 | 0 | 3 | |a Valparaíso, Chile |b Del Mercurio |c 1876 |
| 300 | |a 116 páginas. | ||
| 583 | |a last modification |c 20121107 08:28:18 |k Rodrigo Vera | ||
| 600 | 0 | 7 | |a VOLTAIRE, FRANCOIS |2 CL-VaPUC |9 345685 |
| 650 | 0 | |a Filosofía francesa |9 255698 | |
| 650 | 0 | |a Iglesia |9 255004 | |
| 650 | 0 | |a Historia de la filosofía |9 256920 | |
| 650 | 0 | |a Racionalismo |9 259116 | |
| 650 | 0 | |a Ilustración |9 313124 | |
| 942 | |c BK |2 ddc | ||
| 945 | |d 19980307 00:00:00 |a cmena | ||
| 952 | |0 0 |1 0 |2 ddc |4 0 |6 194_000000000000000_BLA_1876 |7 0 |8 X |9 299176 |a BIBDER |b BIBDER |d 2019-11-20 |i 1957171 |o 194 BLA 1876 |p 1957171 |r 2023-01-25 |t 1 |w 2019-11-20 |y BK_X |k DER | ||
| 952 | |0 0 |1 0 |2 ddc |4 0 |6 194_000000000000000_BLA_1876 |7 0 |8 X |9 299177 |a FDOBUD |b FDOBUD |d 2019-11-20 |i 1057782 |o 194 BLA 1876 |p 1057782 |r 2019-11-20 |t 2 |w 2019-11-20 |y BK_X |k BUD | ||
| 952 | |0 0 |1 0 |2 ddc |4 0 |6 194_000000000000000_BLA_1876 |7 0 |8 X |9 299178 |a FDOBUD |b FDOBUD |d 2019-11-20 |i 4920260 |o 194 BLA 1876 |p 4920260 |r 2019-11-20 |t 3 |w 2019-11-20 |y BK_X |k BUD | ||